Zoología /

Guardado en:
Autor Principal: Santos Lara, José Angel Dos
Formato: Libro
Publicado: Buenos Aires : Troquel, 1974
Edición:21
Materias:
Etiquetas: Agregar Etiqueta
Sin Etiquetas, Sea el primero en etiquetar este registro!
LEADER 00431nam a22001695a 4500
001 CEM.cems005785
005 20060214000000.0
008 130507s1974##################000#0#####d
003 CEMS
082 0 4 |a 591 
100 1 |a Santos Lara, José Angel Dos 
245 1 0 |a Zoología / 
250 |a 21 
260 |a Buenos Aires :  |b Troquel,  |c 1974 
300 |a 339 
653 |a Zoologia 
859 |a CEMS  |b BIB. CEMS - 11 de abril  |h 591  |i Sa59a21  |p 6108.77  |t Ej.1